Pays les plus proches de la Palestine (avec une carte) - Statistiques

Statistiques générales
  • Ce quiz a été pris 1 140 fois
  • Le résultat moyen est 14 sur 20
Réponses sur la Carte
Les réponses sont colorées sur une échelle allant du rouge au vert en fonction du pourcentage des utilisateurs qui les ont devinées à leur premier essai. Vous pouvez retrouver ces pourcentages ci-dessous.
 
Statistiques - réponses
pays % Correct
Arabie Saoudite
94%
Irak
94%
Turquie
94%
Israël
92%
Jordanie
92%
Syrie
92%
Égypte
90%
Iran
88%
Liban
87%
Chypre
81%
Koweït
67%
Grèce
64%
Libye
60%
Arménie
58%
Géorgie
54%
Azerbaïdjan
53%
Soudan
37%
Russie
32%
Bulgarie
27%
Roumanie
10%
Aucun quiz correspondant
Distribution des résultats
% des personnes avec chaque résultat
Percentile par nombre de réponses
Votre historique - résultats
Vous n’avez pas pris ce quiz